Advances in Psychology and Law Volume 1 /

This first volume of an exciting annual series presents important new developments in the psychology behind issues in the law and its applications. Psychological theory is used to explore why many current legal policies and procedures can be ineffective or counterproductive, with special emphasis on...

Πλήρης περιγραφή

Λεπτομέρειες βιβλιογραφικής εγγραφής
Συγγραφή απο Οργανισμό/Αρχή: SpringerLink (Online service)
Άλλοι συγγραφείς: Miller, Monica K. (Επιμελητής έκδοσης), Bornstein, Brian H. (Επιμελητής έκδοσης)
Μορφή: Ηλεκτρονική πηγή Ηλ. βιβλίο
Γλώσσα:English
Έκδοση: Cham : Springer International Publishing : Imprint: Springer, 2016.
Σειρά:Advances in Psychology and Law, 1
Θέματα:
Διαθέσιμο Online:Full Text via HEAL-Link
LEADER 03464nam a22004575i 4500
001 978-3-319-29406-3
003 DE-He213
005 20160606145726.0
007 cr nn 008mamaa
008 160606s2016 gw | s |||| 0|eng d
020 |a 9783319294063  |9 978-3-319-29406-3 
024 7 |a 10.1007/978-3-319-29406-3  |2 doi 
040 |d GrThAP 
050 4 |a BF61 
072 7 |a JMK  |2 bicssc 
072 7 |a PSY003000  |2 bisacsh 
072 7 |a LAW041000  |2 bisacsh 
082 0 4 |a 150  |2 23 
245 1 0 |a Advances in Psychology and Law  |h [electronic resource] :  |b Volume 1 /  |c edited by Monica K. Miller, Brian H. Bornstein. 
264 1 |a Cham :  |b Springer International Publishing :  |b Imprint: Springer,  |c 2016. 
300 |a XVII, 280 p. 9 illus., 1 illus. in color.  |b online resource. 
336 |a text  |b txt  |2 rdacontent 
337 |a computer  |b c  |2 rdamedia 
338 |a online resource  |b cr  |2 rdacarrier 
347 |a text file  |b PDF  |2 rda 
490 1 |a Advances in Psychology and Law,  |x 2366-6099 ;  |v 1 
505 0 |a Interrogation and the minority suspect: Pathways to true and false confession -- A comprehensive evaluation of showups -- The weapon focus effect for person identifications and descriptions: A meta-analysis -- “It will be your duty…:” The psychology of criminal jury instructions -- Structured risk assessment and legal decision making -- Children’s participation in legal proceedings: Stress, Coping, and Consequences -- Sex offender policy and prevention -- The psychology of tort law. 
520 |a This first volume of an exciting annual series presents important new developments in the psychology behind issues in the law and its applications. Psychological theory is used to explore why many current legal policies and procedures can be ineffective or counterproductive, with special emphasis on new findings on how witnesses, jurors, and suspects may be influenced, sometimes leading to injustice. Expert scholars make recommendations for improvements, suggesting both future directions for research inquiries on topics and needed policy changes. Topics included in this initial offering have rarely been considered in such an in-depth fashion or are in need of serious re-thinking: Interrogation of minority suspects: pathways to true and false confessions. A comprehensive evaluation of showups. The weapon focus effect for person identifications and descriptions. The psychology of criminal jury instructions. Structured risk assessment and legal decision making. Children’s participation in legal proceedings: stress, coping, and consequences. Sex offender policy and prevention. The psychology of tort law. Demonstrating the scope and rigor that will characterize the series, Volume 1 of Advances in Psychology and Law will interest psychology and legal experts as well as practicing psychologists, and will inspire fresh thinking as the two fields continue to interact. 
650 0 |a Psychology. 
650 1 4 |a Psychology. 
650 2 4 |a Law and Psychology. 
650 2 4 |a General Psychology. 
700 1 |a Miller, Monica K.  |e editor. 
700 1 |a Bornstein, Brian H.  |e editor. 
710 2 |a SpringerLink (Online service) 
773 0 |t Springer eBooks 
776 0 8 |i Printed edition:  |z 9783319294056 
830 0 |a Advances in Psychology and Law,  |x 2366-6099 ;  |v 1 
856 4 0 |u http://dx.doi.org/10.1007/978-3-319-29406-3  |z Full Text via HEAL-Link 
912 |a ZDB-2-BSP 
950 |a Behavioral Science and Psychology (Springer-41168)